000
00307nam a22001457a 4500
008
210511b ||||| |||| 00| 0 eng d
020
_a
639785310372
041
_a
eng
080
_a
338
082
_a
338
100
_a
53
101
_a
MEN
245
_a
Managing Teams
_c
Lawrence Holpp
942
_2
udc
_c
BK
999
_c
57239
_d
57239